000 00566nam a22001935i 4500
001 68440
003 ES-MaACL
005 20230906170302.0
007 t|
008 960802s1890 sp ||||1| spa d
040 _aCAM
_bspa
_cCAM
100 1 _aGarcía Romero de Tejada, Julio.
_955222
245 1 4 _aLos sentidos /
_cpor Julio García Romero de Tejada.
250 _a1ª ed.
260 _aBadajoz :
_b[s.n.],
_c1889 (
_fLa Industria, Imp. y lit. de Uceda hermanos)
300 _a104 p. ;
_c23 cm.
650 1 4 _aSentidos.
_917046
852 _aES-MaACL
_jT-560-F-2
999 _c68440
_d68440